理解教与学:高校教学策略 Li jie jiao yu xue = (Record no. 35237)
[ view plain ]
| 000 -LEADER | |
|---|---|
| fixed length control field | 01049nam a2200229 4500 |
| 008 - FIXED-LENGTH DATA ELEMENTS--GENERAL INFORMATION | |
| fixed length control field | 110124s2007 cc 000 0 chi |
| 020 ## - INTERNATIONAL STANDARD BOOK NUMBER | |
| International Standard Book Number | 7301131372 |
| 020 ## - INTERNATIONAL STANDARD BOOK NUMBER | |
| International Standard Book Number | 87301131374 : |
| Terms of availability | RMB26.00/Php179.40 |
| 090 ## - LOCALLY ASSIGNED LC-TYPE CALL NUMBER (OCLC); LOCAL CALL NUMBER (OCLC) | |
| Classification number (OCLC) (R) ; Classification number, CALL (RLIN) (NR) | LB233 |
| Local cutter number (OCLC) ; Book number/undivided call number, CALL (RLIN) | P94 |
| -- | 2007 |
| 100 1# - MAIN ENTRY--PERSONAL NAME | |
| Personal name | (澳)普洛瑟(澳)特里格维尔 著 Prosser, Michael |
| 245 10 - TITLE STATEMENT | |
| Title | 理解教与学:高校教学策略 Li jie jiao yu xue = |
| -- | Gao xiao jiao xue ce lue |
| 246 10 - VARYING FORM OF TITLE | |
| Title proper/short title | Understanding learning and teaching : |
| Remainder of title | the experience in higher education / |
| -- | |
| 260 ## - PUBLICATION, DISTRIBUTION, ETC. (IMPRINT) | |
| Place of publication, distribution, etc | Beijing : |
| Name of publisher, distributor, etc | 北京大学出版社 Beijing Da Xue chu ban she, |
| Date of publication, distribution, etc | 2007 |
| 300 ## - PHYSICAL DESCRIPTION | |
| Extent | 222 p. ; |
| Dimensions | 23 cm. |
| 504 ## - BIBLIOGRAPHY, ETC. NOTE | |
| Bibliography, etc | Includes bibliographical references (p. [180]-187) and index. |
| 650 #4 - SUBJECT ADDED ENTRY--TOPICAL TERM | |
| Topical term or geographic name as entry element | Education, Higher |
| Geographic subdivision | Australia |
| General subdivision | Case studies {ch}. |
| 650 #4 - SUBJECT ADDED ENTRY--TOPICAL TERM | |
| Topical term or geographic name as entry element | Learning, Psychology of |
| General subdivision | Case studies {ch}. |
| 650 #4 - SUBJECT ADDED ENTRY--TOPICAL TERM | |
| Topical term or geographic name as entry element | 大学教师通识教育读本 College teaching |
| Geographic subdivision | Australia |
| General subdivision | Case studies {ch}. |
| 951 ## - EQUIVALENCE OR CROSS-REFERENCE-GEOGRAPHIC NAME/AREA NAME [OBSOLETE] [CAN/MARC only] | |
| General subdivision | 00039984 |
| 700 1# - ADDED ENTRY--PERSONAL NAME | |
| Personal name | Trigwell, Keith |
| 951 ## - EQUIVALENCE OR CROSS-REFERENCE-GEOGRAPHIC NAME/AREA NAME [OBSOLETE] [CAN/MARC only] | |
| -- | C-10210 |
| -- | CHLB233/P94/2007 |
| -- | 110124105422796 |
| -- | 2000-12-21 |
| -- | CH |
| Withdrawn status | Lost status | Damaged status | Not for loan | Home library | Current library | Shelving location | Date acquired | Accession number | Shelving control number | Total Checkouts | Full call number | Barcode | Date last seen | Price effective from | Koha item type |
|---|---|---|---|---|---|---|---|---|---|---|---|---|---|---|---|
| BSOP Library | BSOP Library | Chinese Books (General Circulation) | 12/21/2000 | C-10210 | 127 | CHLB233/P94/2007 | 00039984 | 02/23/2013 | 02/23/2013 | Books |
